000
00303nam a2200121Ia 4500
008
241015s9999 xx 000 0 und d
041
_a
eng
082
_a
808.06665 CAN
100
_a
Canavor
245
_a
Business Writing For Dummies
260
_b
Wiley India
_a
New Delhi
_c
2021
300
_a
421;. P. 23 cm
999
_c
41864
_d
41864